000 00579nam a2200193Ia 4500
005 20250508163432.0
008 008 250505s9999 xx 000 0 eng d
037 _aTheses
040 _aFEDL
_beng
_cFEDL
041 _aeng
_2eng
084 _a155.413, GAY/TH
_qFEDL
100 _aGaysu R Arvind
_9550197
245 0 _aAlternative techniques of training children for development of concept of conservation
260 _c1987
300 _a308p.
546 _aPh. D. Thesis, (Delhi University)
942 _cTH
_h155.413, GAY/TH
999 _c1383222
_d1383222